<?xml version="1.0" encoding="UTF-8"?>
<marc:record xmlns:marc="http://www.loc.gov/MARC21/slim">
   <marc:leader>00000nam a2200000 a 4500</marc:leader>
   <marc:datafield ind1="1" ind2=" " tag="100">
      <marc:subfield code="a">Reischl, Anita</marc:subfield>
      <marc:subfield code="4">aut</marc:subfield>
      <marc:subfield code="e">Verfasser/-in</marc:subfield>
   </marc:datafield>
   <marc:datafield ind1=" " ind2=" " tag="653">
      <marc:subfield code="a">Ernährung</marc:subfield>
   </marc:datafield>
   <marc:datafield ind1=" " ind2=" " tag="653">
      <marc:subfield code="a">Hauswirtschaftsunterricht</marc:subfield>
   </marc:datafield>
   <marc:datafield ind1=" " ind2=" " tag="653">
      <marc:subfield code="a">Berufsschule</marc:subfield>
   </marc:datafield>
   <marc:datafield ind1=" " ind2=" " tag="653">
      <marc:subfield code="a">Softcover</marc:subfield>
   </marc:datafield>
   <marc:datafield ind1=" " ind2=" " tag="653">
      <marc:subfield code="a">Karte</marc:subfield>
   </marc:datafield>
   <marc:datafield ind1=" " ind2=" " tag="653">
      <marc:subfield code="a">Lernen / Schulbücher</marc:subfield>
   </marc:datafield>
   <marc:datafield ind1=" " ind2=" " tag="653">
      <marc:subfield code="a">Schulbuch</marc:subfield>
   </marc:datafield>
   <marc:datafield ind1="0" ind2="0" tag="245">
      <marc:subfield code="a">Erlebnis Ernährung</marc:subfield>
   </marc:datafield>
   <marc:datafield ind1="0" ind2="0" tag="245">
      <marc:subfield code="b">HH, HW, FW</marc:subfield>
   </marc:datafield>
   <marc:datafield ind1="0" ind2="0" tag="245">
      <marc:subfield code="c">Anita Reischl ; Helga Rogl ; Adelheid Weidlinger</marc:subfield>
   </marc:datafield>
   <marc:datafield ind1=" " ind2="1" tag="264">
      <marc:subfield code="a">Linz</marc:subfield>
      <marc:subfield code="b">Trauner</marc:subfield>
      <marc:subfield code="c">2006</marc:subfield>
   </marc:datafield>
   <marc:datafield ind1=" " ind2=" " tag="250">
      <marc:subfield code="a">7., überarb. Aufl.</marc:subfield>
   </marc:datafield>
   <marc:datafield ind1="1" ind2=" " tag="520">
      <marc:subfield code="a">Angaben aus der Verlagsmeldung

Erlebnis Ernährung HH/HW/FW / von Anita Reischl, Helga Rogl, Adelheid Weidlinger

Völlig überarbeitet und aktualisiert ist dieses Lehrbuch auf dem neuesten ernährungswissenschaftlichen Stand.

Es erscheint im neuen Zweispaltenlayout mit Piktogrammen, Tabellen und zahlreichen Farbfotos, das den SchülerInnen ein einfaches Erfassen der Inhalte ermöglicht. Die Kapitel sind so aufgebaut, dass nach einem kurzen Kapiteleinstieg die Lernziele formuliert werden. Anschließend folgt übersichtlich gegliedert und didaktisch optimal aufgebaut der Inhalt, gefolgt von Arbeitsaufgaben, die zur Überprüfung und zur Wiederholung dienen und die Selbstständigkeit fördern.

Den Autorinnen ist es vor allem ein Anliegen, den SchülerInnen die Bedeutung der Ernährung für Gesundheit und Leistungsfähigkeit aufzuzeigen und ihnen Verantwortungsbewusstsein und kritisches Konsumverhalten zu vermitteln.

Die Daten des Bundeslebensmittelschlüssels, Version II.3, für viele Lebensmittel sind in einem eigenen, dem Buch beigelegten Heft, zusammen mit wichtigen E-Nummern enthalten.

Aus dem Inhalt
Grundlagen der Ernährung - Lebensmittel und ihre Inhaltsstoffe - Stoffwechsel - Lebensmittelqualität - Ernährung verschiedener Personengruppen - Alternative Ernährungsformen - Ernährung und Krankheit - Welternährung
</marc:subfield>
   </marc:datafield>
   <marc:datafield ind1=" " ind2=" " tag="020">
      <marc:subfield code="a">9783854878490</marc:subfield>
      <marc:subfield code="9">9783854878490</marc:subfield>
   </marc:datafield>
   <marc:datafield ind1=" " ind2=" " tag="020">
      <marc:subfield code="a">3854878494</marc:subfield>
      <marc:subfield code="9">3854878494</marc:subfield>
   </marc:datafield>
   <marc:datafield ind1=" " ind2=" " tag="041">
      <marc:subfield code="a">ger</marc:subfield>
   </marc:datafield>
   <marc:datafield ind1=" " ind2=" " tag="300">
      <marc:subfield code="a">208 S.</marc:subfield>
   </marc:datafield>
</marc:record>
